| 000 | 01055nam a2200277Ia 4500 | ||
|---|---|---|---|
| 003 | OSt | ||
| 005 | 20220923211529.0 | ||
| 006 | a|||||r|||| 00| 0 | ||
| 007 | ta | ||
| 008 | 220922b |||||||| |||| 00| 0 hin d | ||
| 020 |
_a9789381582244 (hbk) _c1190 |
||
| 024 | _a277,411 | ||
| 037 |
_b212, 23/09/2013, Swaraj Prakashan _cTextual |
||
| 040 |
_aARTS _cARTS _bhin |
||
| 041 |
_2hin _ahin |
||
| 082 | _aO44(Y5927),1:g, 152Q2 | ||
| 100 |
_aभारती, कॅंवल _9156290 |
||
| 245 | 0 | _aदलित कविता का संघर्ड्ढ | |
| 246 | _aDalit kavitā kā sangharḍḍha | ||
| 260 |
_aनई दिल्ली _b स्वराज प्रकाशन _c2012 |
||
| 300 |
_a317पृ. _ccm. |
||
| 490 | _aहिन्दी दलित कविता के सौ वर्ष | ||
| 650 |
_aहिन्दी साहित्य _9156264 |
||
| 942 |
_hO44(Y5927),1:g, 152Q2 _cTEXL _2CC |
||
| 999 |
_c300493 _d300493 |
||